000 00373 a2200109 4500
001 ART_14774
005 20260410161913.0
008 260409a
245 1 0 _aA comment on limited independence between income responses and household composition
100 1 _aMuellbauer, John
773 0 _tEuropean economic review
_g- Vol. 8, NÂș 1 (jun. 1976)
_wREV13346
999 _c27028
_d27028